000 00309pam a2200133 a 4500
020 _c
041 _h
082 _a746.92
_bMOS
100 _aAfian Mostaedi.
245 _aOutstanding Stands
_hTextual Documents
260 _a[s.l]:
_bPage one Publishing,
_c2006.
300 _a177:
_bHard.
930 _a5756
999 _c239546
_d239546